Introducción a la planificación
I tiakina i:
| Kaituhi matua: | |
|---|---|
| Hōputu: | Pukapuka |
| Reo: | Pāniora |
| I whakaputaina: |
Buenos Aires
Lumen
1995
|
| Rangatū: | Colección Política, Servicios y Trabajo Social
|
| Ngā marau: | |
| Ngā Tūtohu: |
Tāpirihia he Tūtohu
Kāore He Tūtohu, Me noho koe te mea tuatahi ki te tūtohu i tēnei pūkete!
|
MARC
| LEADER | 00000nam a2200000 a 4500 | ||
|---|---|---|---|
| 001 | UCI7707 | ||
| 003 | CL-VaPUC | ||
| 008 | 080718e19950000AG |||||||||||||||||spa|d | ||
| 020 | |a 9507244174 | ||
| 082 | 0 | 4 | |a 362.25 |b AND |2 21 |
| 100 | |a Ander-Egg, Ezequiel |e autor |9 563263 | ||
| 245 | 1 | 0 | |a Introducción a la planificación |
| 300 | |a 206 p | ||
| 942 | |c BK | ||
| 945 | |d 20080718 00:00:00 |a jtorresc | ||
| 260 | |a Buenos Aires |b Lumen |c 1995 | ||
| 650 | 0 | |a Política social |9 257588 | |
| 650 | 7 | |a PLANIFICACION |2 CL-VaPUC |9 260802 | |
| 650 | 0 | |a Política económica |9 255029 | |
| 583 | |a last modification |c 20080718 00:00:00 |k Rodrigo Vera | ||
| 490 | 0 | |a Colección Política, Servicios y Trabajo Social | |
| 999 | |c 330891 |d 330889 | ||
| 952 | |0 0 |1 0 |4 0 |6 362_250000000000000_AND_1995 |7 0 |8 A |9 416808 |a BIBGIM |b BIBGIM |d 2019-11-22 |i 4458494 |l 1 |o 362.25 AND 1995 |p 4458494 |r 2025-01-15 |s 2022-08-10 |w 2019-11-22 |y BK |k SSL | ||